The Crisis of development strategies in eastern Africa / (Record no. 9754)
[ view plain ]
| 000 -LEADER | |
|---|---|
| fixed length control field | 01425nam a2200349 a 4500 |
| 001 - CONTROL NUMBER | |
| control field | 4867017 |
| 005 - DATE AND TIME OF LATEST TRANSACTION | |
| control field | 20260512055936.0 |
| 008 - FIXED-LENGTH DATA ELEMENTS--GENERAL INFORMATION | |
| fixed length control field | 910531s1989 et b 100 0 eng |
| 010 ## - LIBRARY OF CONGRESS CONTROL NUMBER | |
| LC control number | 91980102 |
| 020 ## - INTERNATIONAL STANDARD BOOK NUMBER | |
| International Standard Book Number | 8185273448 |
| 020 ## - INTERNATIONAL STANDARD BOOK NUMBER | |
| International Standard Book Number | 9788185273440 |
| 035 ## - SYSTEM CONTROL NUMBER | |
| System control number | 4867017 |
| 040 ## - CATALOGING SOURCE | |
| Transcribing agency | IRDP |
| 043 ## - GEOGRAPHIC AREA CODE | |
| Geographic area code | fe----- |
| 050 00 - LIBRARY OF CONGRESS CALL NUMBER | |
| Classification number | HC860 |
| Item number | .C75 1989 |
| 082 00 - DEWEY DECIMAL CLASSIFICATION NUMBER | |
| Classification number | 320.9 CRI |
| Edition number | 20 |
| 245 04 - TITLE STATEMENT | |
| Title | The Crisis of development strategies in eastern Africa / |
| Statement of responsibility, etc. | [compiled by] Eshetu Chole, Wilfred Mlay, Walter Oyugi. |
| 260 ## - PUBLICATION, DISTRIBUTION, ETC. (IMPRINT) | |
| Place of publication, distribution, etc. | Addis Ababa, Ethiopia : |
| Name of publisher, distributor, etc. | Organization for Social Science Research in Eastern Africa, |
| Date of publication, distribution, etc. | 1989. |
| 300 ## - PHYSICAL DESCRIPTION | |
| Extent | 331 p. ; |
| Dimensions | 23 cm. |
| 500 ## - GENERAL NOTE | |
| General note | Selected papers from the second triennial congress of the Organization for Social Science Research in Eastern Africa held 28-31 July 1986 in Eldoret, Kenya. |
| 500 ## - GENERAL NOTE | |
| General note | "First published in 1989 by OSSREA Book Series"--T.p. verso. |
| 504 ## - BIBLIOGRAPHY, ETC. NOTE | |
| Bibliography, etc | Includes bibliographical references. |
| 651 #0 - SUBJECT ADDED ENTRY--GEOGRAPHIC NAME | |
| Geographic name | Africa, Eastern |
| General subdivision | Economic policy |
| -- | Congresses. |
| 700 0# - ADDED ENTRY--PERSONAL NAME | |
| Personal name | Eshetu Chole. |
| 700 1# - ADDED ENTRY--PERSONAL NAME | |
| Personal name | Mlay, Wilfred. |
| 700 1# - ADDED ENTRY--PERSONAL NAME | |
| Personal name | Oyugi, W. Ouma. |
| 710 2# - ADDED ENTRY--CORPORATE NAME | |
| Corporate name or jurisdiction name as entry element | Organization for Social Science Research in Eastern Africa. |
| 906 ## - LOCAL DATA ELEMENT F, LDF (RLIN) | |
| a | 7 |
| b | cbc |
| c | orignew |
| d | 2 |
| e | ncip |
| f | 19 |
| g | y-gencatlg |
| 942 ## - ADDED ENTRY ELEMENTS (KOHA) | |
| Source of classification or shelving scheme | Dewey Decimal Classification |
| Koha item type | BOOKS |
| Withdrawn status | Lost status | Source of classification or shelving scheme | Damaged status | Not for loan | Home library | Current library | Shelving location | Date acquired | Total Checkouts | Full call number | Barcode | Date last seen | Price effective from | Koha item type |
|---|---|---|---|---|---|---|---|---|---|---|---|---|---|---|
| Dewey Decimal Classification | Dodoma | Dodoma | Ground Floor | 12/05/2026 | 320.9 CRI | LIB003670 | 12/05/2026 | 12/05/2026 | BOOKS | |||||
| Dewey Decimal Classification | Dodoma | Dodoma | 12/05/2026 | 320.9 CRI | LIB003669 | 12/05/2026 | 12/05/2026 | BOOKS |
